| 000 | 00764nam a2200253 a 4500 | ||
|---|---|---|---|
| 001 | vtls001206071 | ||
| 003 | NLI | ||
| 005 | 20210603164637.0 | ||
| 008 | 120328s1917 ii 001 0 eng d | ||
| 039 | 9 |
_y201203281921 _zVLOAD |
|
| 040 |
_a NLI _b eng _c Entertech IMP - 2012 _e AACR2 |
||
| 041 | 0 | _aeng | |
| 044 | _aii | ||
| 084 | _a171.B.229 | ||
| 245 | 0 | 0 |
_aSelection of leading cases : _bfor the use of B. L. Student / _cPublished by University of Calcutta |
| 260 |
_aCalcutta : _bUniversity of Calcutta, _c1917 |
||
| 300 |
_a145 p. ; _c23 cm. |
||
| 700 | 1 |
_aUniversity of Calcutta , _4pbl _9647988 |
|
| 887 | _a | ||
| 901 |
_aIMP75877 : _b08.12.2010 |
||
| 902 | _a171.B.229 | ||
| 942 |
_2ddc _cBKS |
||
| 949 |
_AVIRTUAITEM _D10000 _X100 _6IMP000075877ENG |
||
| 999 |
_c511700 _d511700 |
||